000 00440nam a2200181Ia 4500
001 21295
005 20260306172908.0
008 260306t2018||||xx |||||||||||||| ||spa||
041 _aESP
082 _a344.524
_bL26
100 _aLarrauri, Elena
_eAUT
245 0 _aCriminología crítica y violencia de género
260 _c2018
300 _a149 páginas :
_c23 cm.
650 _aGEN
654 _aCDE
942 _cLIB
_dJUS
_fJUS
_2ddc
_n
999 _c21295
_d21295